00629nam a2200193 a 450000100100000000500170001000800410002702000150006802000150008304000250009808200210012310000210014424500860016525000110025126000830026230000420034570000220038770000260040900003588320200930074706.0111115s1987 xxuac 000 0 eng d a0673270580 a0673270572 aDO-SdBNPbspacBNPHU axxxbM478e, 19871 aMcDonnell, Helen10aEngland in literature /cHelen McDonnell, Jhon Pfordresher, Gladys V. Veidemanis. a7a ed. aUnited States of America :bAmerica readsbScott, Foresman and company,c1987. axvii, 862 p. :bil., retrs. ;c27 cm.1 aPfordresher, Jhon1 aVeidemanis, Gladys V.